00899nam a2200217 a 4500003000200000005001700002008004100019050002800060100003000088245013000118260009200248300004800340504004300388650001800431650001800449650002600467650002900493942001400522999001700536952012800553020250519111119.0021127s19uu xx 00 eng d aPGS LB 1049b.F175 2001 aFajardo, Elyse Matilde J. aA comparison of the study habits of selected grade 6 students of Southville International School /cElyse Matilde J. Fajardo. aLas Piñas City, Philippines : bSouthville International School and Colleges,c2001. a38 pages :bcolored illustrations ;c28 cm. aIncludes bibliographical references.  aStudy skills. aStudy habits. aAcademic achievement. aSixth grade (Education). 2lcccPASS c96505d96505 00102lcc40aLUXbLUXcPASSd2002-11-27eDONATIONl0oPGS LB 1049 .F175 2001pP0476r2014-04-08 00:00:00w2014-04-08yPASS